Out of the treasure : (Record no. 16688)
[ view plain ]
| 000 -LEADER | |
|---|---|
| fixed length control field | 00830nam a2200217 4500 |
| 008 - FIXED-LENGTH DATA ELEMENTS--GENERAL INFORMATION | |
| fixed length control field | 030821s1992 us 0 eng |
| 020 ## - INTERNATIONAL STANDARD BOOK NUMBER | |
| International Standard Book Number | 9068311611 |
| 090 ## - LOCALLY ASSIGNED LC-TYPE CALL NUMBER (OCLC); LOCAL CALL NUMBER (OCLC) | |
| Classification number (OCLC) (R) ; Classification number, CALL (RLIN) (NR) | BS2575.2 |
| Local cutter number (OCLC) ; Book number/undivided call number, CALL (RLIN) | L17o |
| 100 1# - MAIN ENTRY--PERSONAL NAME | |
| Personal name | Lambrecht, Jan |
| 245 10 - TITLE STATEMENT | |
| Title | Out of the treasure : |
| Remainder of title | the parables in the gospel of Matthew / |
| Statement of responsibility, etc | Jan Lambrecht. |
| 260 ## - PUBLICATION, DISTRIBUTION, ETC. (IMPRINT) | |
| Place of publication, distribution, etc | Louvain : |
| Name of publisher, distributor, etc | Peeters Press, |
| Date of publication, distribution, etc | c1992. |
| 300 ## - PHYSICAL DESCRIPTION | |
| Extent | 299 p. |
| 490 1# - SERIES STATEMENT | |
| Series statement | Louvain theological and pastoral monographs; |
| Volume number/sequential designation | 10 |
| 500 ## - GENERAL NOTE | |
| General note | Trans. and adapted from Nieuw end oud uit de schat. De parabels van het Matteusevangelie, Leuven : VBS/ Acco. 1991 |
| 504 ## - BIBLIOGRAPHY, ETC. NOTE | |
| Bibliography, etc | Biblio: at the end of every chapter |
| 650 #4 - SUBJECT ADDED ENTRY--TOPICAL TERM | |
| Topical term or geographic name as entry element | Bible |
| General subdivision | Parables. |
| 650 #4 - SUBJECT ADDED ENTRY--TOPICAL TERM | |
| Topical term or geographic name as entry element | Bible. N.T. Matthew. |
| 650 #4 - SUBJECT ADDED ENTRY--TOPICAL TERM | |
| Topical term or geographic name as entry element | Jesus Chyrist |
| General subdivision | Parables. |
| 650 #4 - SUBJECT ADDED ENTRY--TOPICAL TERM | |
| Topical term or geographic name as entry element | Parables. |
| 951 ## - EQUIVALENCE OR CROSS-REFERENCE-GEOGRAPHIC NAME/AREA NAME [OBSOLETE] [CAN/MARC only] | |
| General subdivision | 00004689 |
| 951 ## - EQUIVALENCE OR CROSS-REFERENCE-GEOGRAPHIC NAME/AREA NAME [OBSOLETE] [CAN/MARC only] | |
| -- | 14593 |
| -- | BS2575.2/L17o |
| -- | 070613111306921 |
| -- | 2000-12-21 |
| -- | GC |
| Withdrawn status | Lost status | Damaged status | Not for loan | Home library | Current library | Shelving location | Date acquired | Accession number | Shelving control number | Total Checkouts | Full call number | Barcode | Date last seen | Price effective from | Koha item type |
|---|---|---|---|---|---|---|---|---|---|---|---|---|---|---|---|
| BSOP Library | BSOP Library | GC | 12/21/2000 | 14593 | 127 | BS2575.2/L17o | 00004689 | 02/23/2013 | 02/23/2013 | Books |
